Traité de la puissance ecclésiastique dans ses rapports avec les souverainetes temporelles dedie au prince des apotres

שמור ב:
מידע ביבליוגרפי
מחבר ראשי: Bianchi de Lucques, Jean-Antoine
פורמט: ספר
שפה:צרפתית
יצא לאור: París Gaume Freres 1857
נושאים:
תגים: הוספת תג
אין תגיות, היה/י הראשונ/ה לתייג את הרשומה!

MARC

LEADER 00000cam a2200000 a 4500
001 UCD1961
003 CL-VaPUC
005 20211216074422.0
008 160407e18570000fr |||||||||||||||||fre|d
999 |c 363169  |d 363167 
040 |c Pontificia Universidad Católica de Valparaíso 
082 0 4 |a 262.131 BIA 1857  |2 21 
100 0 |a Bianchi de Lucques, Jean-Antoine  |9 585143 
245 1 0 |a Traité de la puissance ecclésiastique dans ses rapports avec les souverainetes temporelles dedie au prince des apotres 
260 |a París  |b Gaume Freres  |c 1857 
300 |a t 
583 |a last modification  |c 20160407 22:06:00  |k Rodrigo Vera 
650 0 |a Patrología  |9 349346 
650 0 |a Eclesiología   |9 366152 
650 7 |a SANTA SEDE  |2 CL-VaPUC  |9 258764 
650 0 |a Papas  |9 258738 
942 |c BK  |2 ddc 
945 |d 20160407 22:06:00  |a dcastane 
952 |0 0  |1 0  |3 erd  |4 0  |6 262_131000000000000_BIA_1857  |7 0  |8 X  |9 475018  |a BIBTEO  |b BIBTEO  |c TEO_FFR  |h t.1  |i 5220661  |o 262.131 BIA 1857  |p 5220661  |r 2024-01-18  |t 1  |w 2019-11-24  |y BK_X  |z Catalogado en:20160407  |k OFM 
952 |0 0  |1 0  |3 erd  |4 0  |6 262_131000000000000_BIA_1857  |7 0  |8 X  |9 475019  |a BIBTEO  |b BIBTEO  |c TEO_FFR  |h t.2  |i 522067K  |o 262.131 BIA 1857  |p 522067K  |r 2024-01-18  |t 1  |w 2019-11-24  |y BK_X  |z Catalogado en:20160407  |k OFM